| 000 | 00000nam##2200000za#4500 |
| 001 | 9.625613 |
| 003 | CaOODSP |
| 005 | 20210507160755 |
| 007 | ta |
| 008 | 150406|2001||||xxc||||| f|0| 0 fre|d |
| 020 | |a0-662-85355-5 |
| 040 | |aCaOODSP|bfre |
| 043 | |an-cn--- |
| 086 | 1 |aEn40-222/13-2001F |
| 110 | 2 |aService canadien de la faune. |
| 245 | 10|aLes populations de pygargues à tête blanche dans la région des Grands Lacs : |bsauvé de l'extinction |
| 260 | |aDownsview - Ontario : |bEnvironnement Canada. |c2001. |
| 300 | |a11p. : |bill. en couleur, tableaux ; |c28 cm. |
| 490 | 1 |aFiche d'information sur les Grands Lacs |
| 563 | |aCouverture souple |
| 590 | |a02-11|b2002-03-15 |
| 776 | 0#|tLes populations de pygargues à tête blanche dans la région des Grands Lacs : |w(CaOODSP)9.591657 |
| 830 | #0|aFiche d'information sur les Grands Lacs.|w(CaOODSP)9.512968 |